Energy for a changing world (Record no. 120553)

MARC details
000 -LEADER
fixed length control field 00928cam a2200181 4500
001 - CONTROL NUMBER
control field L136149
008 - FIXED-LENGTH DATA ELEMENTS--GENERAL INFORMATION
fixed length control field 070115n 000 0 eng u
035 ## - SYSTEM CONTROL NUMBER
System control number (Sirsi) u136149
041 0# - LANGUAGE CODE
Language code of text/sound track or separate title eng
110 1# - MAIN ENTRY--CORPORATE NAME
Corporate name or jurisdiction name as entry element European Commission
9 (RLIN) 2292
245 00 - TITLE STATEMENT
Title Energy for a changing world
Medium [electronic resource]
520 ## - SUMMARY, ETC.
Summary, etc. Provides details of: EU energy policy; a roadmap for renewable energy; a report on progress in renewable electricity and one on progress in biofuels; prospects for the internal gas and electricity market; gas and electricity infrastructures; nuclear energy; sustainable power generation from fossil fuels; and details of a European strategic energy technology plan.
590 ## - LOCAL NOTE (RLIN)
Local note NTK
651 #4 - SUBJECT ADDED ENTRY--GEOGRAPHIC NAME
Geographic name EUROPE
690 ## - LOCAL SUBJECT ADDED ENTRY--TOPICAL TERM (OCLC, RLIN)
Topical term or geographic name as entry element ENVIRONMENTAL AND LAND CONSULTANCY-ENERGY-RENEWABLE ENERGY
856 ## - ELECTRONIC LOCATION AND ACCESS
Uniform Resource Identifier <a href="https://ec.europa.eu/energy/energy_policy/index_en.htm">https://ec.europa.eu/energy/energy_policy/index_en.htm</a>
Public note View the website free of charge at ec.europa.eu...
942 ## - ADDED ENTRY ELEMENTS (KOHA)
Suppress in OPAC 0
Holdings
Withdrawn status Lost status Source of classification or shelving scheme Damaged status Not for loan Home library Current library Shelving location Date acquired Total Checkouts Full call number Barcode Date last seen Copy number Price effective from Koha item type
    Dewey Decimal Classification     Virtual Virtual Online 15/01/2007   WEB SITE 136149-1001 06/08/2019 1 06/08/2019 Online material